000 00330nam a2200109Ia 4500
008 171211s9999 xx 000 0 und d
245 _aPro CSS for High Traffic Websites
245 _cAntony Kennedy and Inayaili de León
260 _c2011
650 _xWeb Development
856 _uhttp://down.ebook777.com/006/978-1430232889.pdf
999 _c350116
_d350116